| 000 | 00921pam a2200277 a 4500 | ||
|---|---|---|---|
| 001 | 1181664 | ||
| 003 | OSt | ||
| 005 | 20211124161101.0 | ||
| 008 | 970723s1998 maua b 001 0 eng | ||
| 010 | _a 97030865 | ||
| 020 | _a0070119449 (acidfree paper) | ||
| 038 | _akhadija | ||
| 040 |
_aDLC _cDLC _dDLC |
||
| 050 | 0 | 0 |
_aHF5549 _b.C2975 2009 |
| 082 | 0 | 0 |
_a658.3 _221 _bCAS |
| 100 | 1 |
_aCascio, Wayne F. _985061 |
|
| 245 | 1 | 0 |
_aManaging human resources : _bproductivity, quality of work life, profits / _cWayne F. Cascio. |
| 260 |
_aBoston : _bIrwin McGraw-Hill, _cc2009. |
||
| 300 |
_axxxi, 720 p. : _bill. ; _c27 cm. |
||
| 504 | _aIncludes bibliographical references and index. | ||
| 563 | _aPB | ||
| 650 | 0 |
_aPersonnel management. _985062 |
|
| 906 |
_a7 _bcbc _corignew _d1 _eocip _f19 _gy-gencatlg |
||
| 942 |
_2ddc _cBK |
||
| 999 |
_c32612 _d32612 |
||